| 000 | 01031nam a22003257a 4500 | ||
|---|---|---|---|
| 003 | CHAP | ||
| 005 | 20220329133200.0 | ||
| 008 | 971013s r 00010 d | ||
| 010 | _a3090 | ||
| 011 | _a4062 | ||
| 035 | _a3263 | ||
| 040 | _cCHAP | ||
| 090 | _aFolleto 13208 | ||
| 100 | 0 | 0 |
_aKoudstaal, R. _963799 |
| 245 | _aPlanning for water resources management in the Netherlands | ||
| 260 |
_aWageningen : _bInstitute for Land and Water Management Research, _c[198?] |
||
| 300 |
_a88 p. _b: ilus |
||
| 500 | _aD48-148 | ||
| 590 |
_aBATCH-UPD _b10 _c20130110 _lUCH01 _h2208 |
||
| 590 |
_aBATCH-UPD _b10 _c20130410 _lUCH01 _h1512 |
||
| 590 |
_aBATCH-UPD _b10 _c20130914 _lUCH01 _h1955 |
||
| 590 |
_aCONVERSION _b10 _c20130109 _lUCH01 _h1303 |
||
| 650 | 1 | 4 |
_aAgua _xAprovechamiento _xHolanda. _92294 |
| 650 | 1 | 4 |
_aRecursos hidrĂ¡ulicos _xHolanda. _995109 |
| 700 | 0 |
_aPennekampand, H. A. _986695 |
|
| 700 | 0 |
_aWesseling, Jans. _9121514 |
|
| 901 | _aBK | ||
| 942 | _cFOLL | ||
| 949 |
_aFolleto 13208 _bBC _cFOLL _d-12775 _eTS1 _i3263 _mD _si |
||
| 999 |
_c3090 _d3090 |
||